02814nab a2200433 i 450000100060000000300080000600500170001400600190003100700150005000800410006502200140010603500220012004000310014205000200017308000060019308200120019910000320021124500580024326400660030131000140036733600310038133700330041233800430044536200100048852011590049858800830165758800930174059001620183365000230199565000290201865000240204765000270207165100150209865500320211377301380214579700180228385600620230199900170236357322FINmELB20241216232922.0m o d | cr cnu||||||||230704c20049999ag fr p o 0 0spa d a1515-6443 a(OCoLC)1394962347 aFINmELBbspaerdacFINmELB 4aH61b.B666 2004 a304a3002231 aBonnet, Alberto R.,eautor.13aLa crisis de la convertibilidad /cAlberto R. Bonnet. 1aQuilmes, Argentina :bUniversidad Nacional de Quilmes,c2004. aSemestral atextobtxt2rdacontent/spa acomputadorabc2rdamedia/spa arecurso en líneabcr2rdacarrier/spa0 a2000- aEl levantamiento popular de diciembre de 2001 cerró el modelo neoliberal instaurado en Argentina en la última década del siglo XX, terminó así una de las ofensivas capitalistas más profundas de la historia latinoamericana, centrada en la inserción de la economía argentina en el mercado mundial sobre la base de moneda convertible, es decir, tipo de cambio fijo con el dólar estadounidense y libre conversión a este. Este artículo presenta un breve análisis sobre la crisis del régimen de convertibilidad; una de las principales características de este régimen consistía en la promoción de una mayor explotación del trabajo, a través del riesgo de quiebra que enfrentan los capitalistas; pero era solo esta característica que establecía los límites del régimen de convertibilidad, estos consistían precisamente en la resistencia de los trabajadores a una mayor explotación; así, entre mediados de 1999 y diciembre de 2001 se armó una profundización de la depresión económica con la radicalización de la lucha social que condujo a la crisis financiera y la caída del gobierno de De la Rúa. aDescripción basada en metadatos suministrados por el editor y otras fuentes. aDescripción basada en Revista theomai, n. especial (invierno 2002), P. 19 sin numerar. aRecurso electrónico. Santa Fe, Arg.: elibro, 2023. Disponible vía World Wide Web. El acceso puede estar limitado para las bibliotecas afiliadas a elibro. 4aCrisis financiera. 4aDepresión económica. 4aMoneda convertible. 4aMovimientos populares. 4aArgentina. 4aArtículos electrónicos.1 tRevista theomai.xISSN1515-6443dBernal, Argentina : Universidad Nacional de Quilmes.gn. especial (invierno 2002), p. 19 sin numerar2 aelibro, Corp.40uhttps://elibro.net/ereader/politecnicointernacional/20945 c57322d57322